000 01048cab a22002415a 4500
001 L159265
008 160415e2016 xxk 000 0 eng d
035 _a(Sirsi) u159265
041 0 _aeng
100 1 _aShahiean. Oshin
245 0 0 _aRight to rent checks
_bRisk of discrimination and breach of data protection?
260 _c2016
490 _aLetting Update Journal
_v24(1) April 2016, 16-17(2)
520 _aSince 1 February 2016, the Immigration Act 2014 requires landlords and letting agents to check the immigration status of a prospective tenant. Landlords and letting agents should also be aware that they have a duty under the Equality Act 2010 not to discriminate against individuals and to be mindful of data protection rules under the Data protection Act 1998 when storing personal data.
590 _aKA
650 2 4 _aIMMIGRATION ACT 2014
650 2 4 _aRIGHT TO RENT
650 2 4 _aEQUALITY ACT 2010
650 2 4 _aDATA PROTECTION ACT 1998
651 4 _aEngland
_y886-
690 _aLandlord and tenant
_96252
942 _n0
999 _c84855
_d84855